000
00307nam a22001337a 4500
008
170524b xxu||||| |||| 00| 0 eng d
020
_a
0471801712
041
_a
eng
080
_2
3RD
_a
621.3
100
_a
26
101
_a
IM
245
_a
CIRCUITS, AND DEVICES, AND SYSTEMS
_c
SMITH, R.J
942
_2
udc
_c
BK
999
_c
14188
_d
14188